000 00379nam a2200145Ia 4500
008 151213s9999 xx 000 0 und d
100 _aM. Sharifur Rahman
245 _aBudget 2005 -06 Budget Speech.
_cM. Sharifur Rahman
260 _aDhaka
_bGovt.
_c2005 -06
300 _a2355 p.
650 _aEconomics
650 _aEconomics
700 _aM. Sharifur Rahman
999 _c1664
_d1664